000 00897nam a22003137a 4500
003 CHAP
005 20220329135025.0
008 971013s1963 r 00010 d
010 _a29727
011 _a30699
035 _a34811
040 _cCHAP
082 _a574.8732
_bL48
100 0 0 _aLewis, K. R.
_966530
245 _aChromosome marker
260 _aLondon :
_bChurchill,
_c1963
300 _a489 p.
_b: ilus.
590 _aBATCH-UPD
_b10
_c20130110
_lUCH01
_h1816
590 _aBATCH-UPD
_b10
_c20130410
_lUCH01
_h1150
590 _aBATCH-UPD
_b10
_c20130914
_lUCH01
_h1104
590 _aCONVERSION
_b10
_c20130109
_lUCH01
_h1317
650 1 4 _aCromosomas.
_929152
650 1 4 _aGenética.
_947469
650 1 4 _aHerencia.
_953725
700 0 _aJohn, Bernard.
_961772
901 _aBK
942 _cLIBRO
949 _a574.8732 L48
_bBC
_cLIBRO
_d33724000682472
_eLIBRO
_h8385
_i34811
_si
_t161.00
999 _c29727
_d29727